Largest danish cities in a grid (map quiz) - Statistics

General Stats
  • This quiz has been taken 28 times
  • The average score is 21 of 54
Answers on the Map
Answers color-coded by a green-red scale on the quiz's map according to % correct below.
 
Answer Stats
Name Inhabitants (2024) % Correct
Aarhus 295.688
95%
Copenhagen 659.350
95%
Odense 183.763
86%
Aalborg 120.700
81%
Esbjerg 71.505
81%
Skagen 7.476
76%
Roskilde 52.974
71%
Elsinore 47.841
67%
Rønne 13.759
67%
Kolding 62.444
62%
Herning 51.312
52%
Horsens 63.903
52%
Næstved 45.099
52%
Nykøbing Falster 16.636
52%
Sønderborg 28.277
52%
Tønder 7.564
52%
Frederikshavn 22.838
48%
Holbæk 30.503
48%
Silkeborg 51.805
48%
Svendborg 27.521
48%
Køge 38.647
43%
Slagelse 35.044
43%
Grenå 14.096
38%
Hobro 12.217
38%
Kalundborg 16.558
38%
Nakskov 12.445
38%
Thisted 13.522
38%
Nexø 3.655
33%
Viborg 42.305
33%
Assens 6.001
29%
Hirtshals 5.434
29%
Odder 13.274
29%
Ribe 8.295
29%
Ringkøbing 9.932
29%
Skive 20.166
29%
Varde 14.053
29%
Fjerrritslev 3.360
24%
Rudkøbing 4.596
24%
Stege 3.793
24%
Grindsted 9.745
19%
Hanstholm 2.085
19%
Helsinge 9.482
19%
Lemvig 6.802
19%
Padborg 4.258
19%
Ærøskøbing 913
14%
Hadsund 4.965
14%
Liseleje 2.470
14%
Brande 7.465
10%
Byrum 440
10%
Klitmøller 1.248
10%
Tranebjerg 843
10%
Ålbæk 1.407
5%
Vodskov 4.838
5%
Bønnerup Strand 658
0%
No matching quizzes found
Score Distribution
Percent of People with Each Score
Percentile by Number Answered
Your Score History
You have not taken this quiz